000 00535nam a2200181Ia 4500
003 OSt
005 20260127162125.0
008 210210b1939 xxu||||| |||| 00| 0 eng d
040 _cAL
041 _aKannada
082 _a854/63
100 _aKRASHNA SHARMA (B)
_991667
_dಕೃಷ್ಣ ಶರ್ಮಾ (ಬಿ)
245 _aKarnataka janajivana
_bಕರ್ಣಾಟಕ ಜನಜೀವನ
260 _aMaisuru
_bKarnataka vidyavardhaka sangha
_c1939
690 _aKannada Criticism
_991668
906 _a019915
942 _2ddc
_cBK
999 _c144065
_d144065